000 00631nam a22002057a 4500
003 BUBTL
008 171031b xxu||||| |||| 00| 0 eng d
082 _a658.4012
_bHIM
100 _91471
_aHill, Charles W. L.
245 _aStrategic Management .
_bAn Integrated Approach
_cHill, Charles W. L.
250 _a6th
260 _aNew Delhi
_bHoughton Mifflin Co.
_c2004
300 _a[xxxii] , 693p . :
_bill , Table ; 22cm .
_cManagement .
500 _aIncludes Index .
650 0 _939
_aManagement
700 _91474
_aHill ,Charles W.L.
856 _k0
_l0
_yDownload
942 _2ddc
_cBK
999 _c5530
_d5530